| 000 | 00612nam a22002052 4500 | ||
|---|---|---|---|
| 001 | 0000012778 | ||
| 005 | 20151217152113.0 | ||
| 008 | 090319s xx 000 0 eng d | ||
| 020 | _a0761936091 : | ||
| 040 |
_aKABU _cKABU |
||
| 245 | 1 | 0 |
_aCommunication for development and social change / _cedited by Jan Servaes. |
| 250 | _a1st ed. | ||
| 260 |
_aLondon : _bSage, _c2008. |
||
| 300 | _a428 p. | ||
| 650 | 0 |
_aCommunication in economic development. _@0000165572 |
|
| 650 | 0 |
_aSocial change. _@0000169696 |
|
| 852 | 1 | _9p2550 KES | |
| 908 | _a090319 | ||
| 950 | _@1 | ||
| 999 |
_c8310 _d8310 |
||